Vieme čo potrebuje ekonomika SR?

Na minha lista:
Detalhes bibliográficos
Autor principal: Husár, Jaroslav
Formato: Livro
Idioma:eslovaco
Publicado em: Bratislava Katedra operačného výskumu a ekonometrie FHI EU 2010
Colecção:Odborné práce KOVE 2010
Assuntos:
Tags: Adicionar Tag
Sem tags, seja o primeiro a adicionar uma tag!

MARC

LEADER 00000nlm$a2200000$$$4500
001 0120204
005 20240502072338.8
041 0 |a slo 
044 |a SK 
245 1 0 |a Vieme čo potrebuje ekonomika SR?  |c Jaroslav Husár 
264 1 |a Bratislava  |b Katedra operačného výskumu a ekonometrie FHI EU  |c 2010 
490 1 |a Odborné práce KOVE 2010 
830 0 |a Odborné práce KOVE 2010 
610 2 0 |a politika hospodárska 
610 2 0 |a veda ekonomická 
610 2 0 |a pojmy 
610 2 0 |a vývoj hospodársky 
610 2 0 |a prognózy 
610 2 0 |a riadenie hospodárske 
610 2 0 |a vláda 
610 2 0 |a Slovensko 
610 2 0 |a Európska únia 
100 1 |a Husár, Jaroslav